| 000 | 00883nam a22001817a 4500 | ||
|---|---|---|---|
| 999 |
_c64047 _d64047 |
||
| 003 | Ge_BSU | ||
| 005 | 20260316122445.0 | ||
| 008 | 260316s1958 ge ||||| |||| 00| 0 geo d | ||
| 041 | _ageo | ||
| 080 | _a911.3:33(47+57)(075.3) ლ-54 | ||
| 100 |
_aლიალიკოვი, ნ.ი. _927142 |
||
| 245 |
_aსსრ კავშირის ეკონომიური გეოგრაფია : _bსახელმძღვ. საშ. სკოლის მე-9 კლასისათვის / _cმთარგმნ.: ვ. ბურჯანაძე და სხვა. |
||
| 250 | _aმე-2 გამოცემა | ||
| 264 |
_aთბ. : _b ცოდნა, _c 1958. |
||
| 300 |
_a428 გვ. : _b ილ., _c23 სმ. |
||
| 653 | _aსსრ კავშირის ეკონომიური გეოგრაფია | ||
| 942 |
_2udc _cᲬᲘᲒᲜᲘ |
||